000 01070cam a2200217 4500
001 ABS67198
008 031029n2003 000 0 eng u
035 _a(Sirsi) u124167
100 _aDe Boehmler, Roger
245 4 _aThe mythology of benchmarking property
260 _c2003
490 _aProperty Systems Review
_v(27) Autumn 2003, 14-25(2)
520 _aConsiders the lack of real substance to benchmarking property performance claims and looks at the policy decisions required to establish a systematic regime. Provides key questions on agreed benchmarking policy, standards and reports that property managers should answer truthfully. Given the importance of benchmarking in property management, occupiers must define clear benchmarking policy, standard frameworks must be created and powerful reporting software must be developed.
590 _aABS
650 _aBENCHMARKING STANDARDS
650 _aPROPERTY BENCHMARKING
650 _aBENCHMARKING
650 _aPROPERTY SOFTWARE
690 _aPROPERTY MANAGEMENT-COMMERCIAL PROPERTY
942 _n0
999 _c73701
_d73701